00981cam a22002411 4500001001300000003000400013005001700017008004100034010001700075035001900092040005700111042001200168050002600180051001800206082001100224100003800235245011500273260009200388300002200480410006500502500014300567650002900710e 58000016 DLC20260227111236.0760915s1958 dcu 000 0 eng c ae 58000016  a(OCoLC)2433814 aU.S. Office of Education. LibrarycArLUAdOCoLCdDLC apremarc00aL111b.A6 1958, no. 9 aLB2861b.F536 a379.151 aFitzwater, Charles Ocelus,d1906-10aOrganizing districts for better schools;ba summary of school district reorganization policies and procedures. a[Washington]bU.S. Dept. of Health, Education, and Welfare, Office of Educationc[1958] aiv, 49 p.c24 cm.10aUnited States.bOffice of Education.tBulletin,v1958, no. 9 aCopies 1 and 2 of L111.A6 bound with: Bulletin / United States. Office of Education, 1958, no. 10-1958, no. 16, subsequent to publication. 0aSchoolsxCentralization.